000 00379nam a22001697a 4500
003 OSt
005 20220311103625.0
008 220127b |||||||| |||| 00| 0 eng d
020 _a9788190691956
040 _cHU
082 _a621.3192
100 _aSoni K.M.
_928913
245 _aNet Work Theory
260 _aNew Delhi
_bNew Delhi
300 _f445
942 _2ddc
_cBOOKS
_n0
999 _c28201
_d28201